| 000 | 00361nam a2200145Ia 4500 | ||
|---|---|---|---|
| 008 | 150201s2000 xx 000 0 und d | ||
| 082 |
_a617.605 _bR2008R |
||
| 100 | _aRENOUARD | ||
| 245 | _aRISK FACTOR IN IMPLANT DENTISTRY | ||
| 250 | _a1ST | ||
| 260 |
_bQUINTESSENCE PUBLICATION _aPARIS _c2000 |
||
| 300 | _a1-191 | ||
| 650 | _aIMPLANTOLOGY | ||
| 942 |
_2ddc _cBK |
||
| 999 |
_c4420 _d4420 |
||